000 00379nam a2200157Ia 4500
008 230917s9999||||xx |||||||||||||| ||und||
040 _e28895
_aMAIN
041 _aEnglish
082 _a006.7 V465M
100 _aVaughan, Tay
245 0 _aMultimedia: Making it work
250 _a3rd ed
260 _aNew Delhi
_bTata McGraw-Hill
_c1996
300 _axxx,587 p.
942 _cBK
999 _c92194
_d92194